• 首页
  • 本馆介绍
  • 公告通知
  • 最新文献
  • 馆藏检索
  • 电子资源
  • 读者导购
  • 参考咨询
  • 我的图书馆
  • 登录
  • 详细信息显示
  • 放入我的书架
  • 预约/预借图书
  • 作者相关作品
  • 分类相关作品
  • 丛书相关作品
  • 出版社相关作品

书目信息

  • 表格格式
  • 工作单格式
  • 卡片格式
题名:
中国自驾游地图集
    
 
作者: 邹伟 主编
分册:  
出版信息: 北京   中国地图出版社  2012.01
页数: 408页
开本: 30cm
丛书名:
单 册:
中图分类: F512.99-64 , K992.9
科图分类:
主题词: 交通图--中国 , 旅游图--中国
电子资源:
ISBN: 978-7-5031-6145-2
000 00951nam0 2200277 450
001 005214771
005 20130504153316.10
010    @a978-7-5031-6145-2@dCNY78.00
100    @a20120317d2012 em y0chiy50 ea
101 0  @achi
102    @aCN@b110000
105    @aab z 001yy
106    @ar
200 1  @a中国自驾游地图集@9zhong guo zi jia you di tu ji@dChina driving tour atlas@f邹伟主编@zeng
210    @a北京@c中国地图出版社@d2012.01
215    @a408页@c图@d30cm
330    @a本书精选了145条自驾车线路,除介绍旅游目的地外,还提供了实用的自驾旅行信息,例如驾车的里程、加油提示、路况提示、美食提示、住宿提示等。
510 1  @aChina driving tour atlas@zeng
516 1  @a2012中国自驾游地图集@92012 zhong guo zi jia you di tu ji
606 0  @a交通图@y中国
606 0  @a旅游图@y中国
690    @aF512.99-64@v5
690    @aK992.9@v5
701  0 @a邹伟@9zou wei@4主编
801  0 @aCN@bNLC@c20120317
905    @b542714-15@dF512.99-64@e22@f2
    
    中国自驾游地图集=China driving tour atlas/邹伟主编.-北京:中国地图出版社,2012.01
    408页:图;30cm
    
    
    ISBN 978-7-5031-6145-2:CNY78.00
    本书精选了145条自驾车线路,除介绍旅游目的地外,还提供了实用的自驾旅行信息,例如驾车的里程、加油提示、路况提示、美食提示、住宿提示等。
●
相关链接 在E读中查询图书 在五车中查询图书 在当当中查询图书 在豆瓣中查询图书


正题名:中国自驾游地图集     索取号:F512.99-64/22         预约/预借

序号 登录号 条形码 馆藏地/架位号 状态 备注
1 542714   205427144   第一样本阅览室/ [索取号:F512.99-64/22] 在馆    
2 542715   205427153   第一借阅区/ [索取号:F512.99-64/22] 在馆    
唐山师范学院图书馆 欢迎您!
大连网信软件有限公司© 版权所有